000 00322nam a2200133Ia 4500
008 190723s9999 xx 000 0 und d
020 _a978-81-315-2556-2
100 _aJoel D. Wisner
245 0 _aSupply Chain Management
250 _a3rd
260 _aAndover
_bCengage Learning
_c2012
300 _a574.:p
942 _cBK
999 _c1710
_d1710